La movilización del capital y el trabajo y sus efectos en el intercambio comercial de El Salvador /
Movilización del capital y el trabajo y sus efectos en el intercambio comercial de El Salvador. San Salvador, el Salvador, Universidad Centroamericana José Simeón Cañas./ACM
Guardado en:
| Autor principal: | |
|---|---|
| Formato: | Tesis |
| Publicado: |
San Salvador:
Uiversidad Centroamericana José Simeón Cañas
|
| Materias: | |
| Etiquetas: |
Agregar Etiqueta
Sin Etiquetas, Sea el primero en etiquetar este registro!
|
MARC
| LEADER | 00000 a a2200000 04500 | ||
|---|---|---|---|
| 001 | 20097 | ||
| 003 | |||
| 040 | |a CRAI/IIS |c CRAI/IIS | ||
| 090 | |a 08263.00 | ||
| 100 | |a Dada Hutt, Oscar Emilio | ||
| 245 | |a La movilización del capital y el trabajo y sus efectos en el intercambio comercial de El Salvador / |c Oscar Emilio Dada Hutt | ||
| 260 | |a San Salvador: |b Uiversidad Centroamericana José Simeón Cañas | ||
| 300 | |a 144 páginas | ||
| 502 | |a Tesis (Licenciado en Economía) -- Universidad Centroamericana José Simeón Cañas. Facultad de Ciencias Económicas. Escuela de Economía, 1976 | ||
| 520 | |a Movilización del capital y el trabajo y sus efectos en el intercambio comercial de El Salvador. San Salvador, el Salvador, Universidad Centroamericana José Simeón Cañas./ACM | ||
| 650 | |a EL SALVADOR | ||
| 650 | |a COMERCIO INTERNACIONAL | ||
| 650 | |a MERCADO INTERNACIONAL | ||
| 650 | |a EXPORTACIONES | ||
| 650 | |a TERNMINOS DE INTERCAMBIO | ||
| 650 | |a RELACION CAPITAL |z -TRABAJO | ||
| 999 | |c 17955 |d 17955 | ||
